000 00242nam a22001217a 4500
008 170306b xxu||||| |||| 00| 0 eng d
041 _aeng
080 _a611
100 _a26
101 _aSHM
245 _aANATOMY
_cGRAY, H
942 _2udc
_cBK
999 _c6868
_d6868